00574nab a2200181 uc450000100070000000500170000700800410002403500110006503500210007604000130009704100080011010000390011824500380015765000370019565000260023265000340025877301000029261861220240831091849.0000904e19991001 spa  a618612 a(OCoLC)819841381 ccomduadb aspa10aCordoba G., Mario Andres4auteaut10aComo operan los sistemas expertos aSistemas expertos (computadores) 7aProbabilidades2embne 7aInteligencia artificial2lemb0 tElectrónica & Computadores (Pereira)gNo. 057, Oct. 1999, p. 63-65w939353x0121-91380361486